000 00262nam a2200121Ia 4500
008 220216s9999 xx 000 0 und d
100 _aRaghavendra A.S.
245 0 _aLatex
260 _bScience Today
_c1985
300 _a54-55
650 _aLatex
942 _cBS
999 _c51136
_d51136